|
|
|
|
| LEADER |
00000nam0a2200000 4500 |
| 001 |
272933 |
| 005 |
20231101234601.0 |
| 035 |
|
|
|a (RuTPU)RU\TPU\book\296142
|
| 090 |
|
|
|a 272933
|
| 100 |
|
|
|a 20141022d1987 k y0rusy50 ca
|
| 101 |
0 |
|
|a rus
|
| 102 |
|
|
|a UA
|
| 105 |
|
|
|a a z 001zy
|
| 200 |
1 |
|
|a Изучение литосферы геофизическими методами (электромагнитные методы, геотермия, комплексная интерпретация)
|e сборник научных трудов
|f Академия наук Украинской ССР (АН УССР), Институт геофизики (ИГФ) ; под ред. В. А. Магницкого
|
| 210 |
|
|
|a Киев
|c Наукова думка
|d 1987
|
| 215 |
|
|
|a 264 с.
|c ил.
|
| 320 |
|
|
|a Библиогр. в конце ст.
|
| 606 |
1 |
|
|a Мантия Земли
|x Геофизические исследования
|2 stltpush
|3 (RuTPU)RU\TPU\subj\40997
|9 60821
|
| 610 |
1 |
|
|a литосфера
|
| 610 |
1 |
|
|a геофизические методы
|
| 610 |
1 |
|
|a электромагнитные методы
|
| 610 |
1 |
|
|a геотермия
|
| 610 |
1 |
|
|a комплексная интерпретация
|
| 675 |
|
|
|a 551.14:550.3
|v 3
|
| 702 |
|
1 |
|a Магницкий
|b В. А.
|4 340
|
| 712 |
0 |
2 |
|a Академия наук Украинской ССР (АН УССР)
|b Институт геофизики (ИГФ)
|c (Киев)
|2 stltpush
|3 (RuTPU)RU\TPU\col\13865
|
| 801 |
|
1 |
|a RU
|b 63413507
|c 20141022
|
| 801 |
|
2 |
|a RU
|b 63413507
|c 20160411
|g RCR
|
| 942 |
|
|
|c BK
|